Visualizzazione normale
Vista MARC
- Academia Española de Bellas Artes en Roma (Italia)
di Corporate Name
Records bibliografici associati: 1
001 - CONTROL NUMBER
- control field: 59236
003 - CONTROL NUMBER IDENTIFIER
- control field: IT-RoINE
005 - DATE AND TIME OF LATEST TRANSACTION
- control field: 20190502054857.0
008 - FIXED-LENGTH DATA ELEMENTS
- fixed length control field: 190502|| aca||aabn | a|a d
040 ## - CATALOGING SOURCE
- Original cataloging agency: IT-RoINE
- Transcribing agency: IT-RoINE
110 ## - HEADING--CORPORATE NAME
- Corporate name or jurisdiction name as entry element: Academia Española de Bellas Artes en Roma (Italia)
- Form subdivision: Reglamentos
670 ## - SOURCE DATA FOUND
- Source citation: Work cat.: (IT-RoINE)0: Reglamento de la Academia Española de Bellas Artes en Roma., 1913.